Danganronpa Another Personnages - Statistiques

Statistiques générales
  • Ce quiz a été pris 5 fois
  • Le résultat moyen est 21 sur 47
Statistiques - réponses
Par images Réponse % Correct
Akane Taira
100%
Kanade Otonokoji
100%
Monokuma
100%
Rei Mekaru
100%
Yuki Maeda
100%
Yuri Kagarin
100%
Ayame Hatano
50%
Emma Magorobi
50%
Hajime Makunouchi
50%
Hanzo Kisaragi
50%
Haruhiko Kobashikawa
50%
Hibiki Otonokoji
50%
Iroha Nijiue
50%
Kakeru Yamaguchi
50%
Kanata Inori
50%
Keisuke Iranami
50%
Kinji Uehara
50%
Kiyoka Maki
50%
Kizuna Tomori
50%
Kokoro Mitsume
50%
Mikado Sannoji
50%
Mikako Kurokawa
50%
Mitsuhiro Higa
50%
Monocrow
50%
Nikei Yomiuri
50%
Ryutaro Maki
50%
Satsuki Iranami
50%
Setsuka Chiebukuro
50%
Shinji Kasai
50%
Sora
50%
Syobai Hashimoto
50%
Teruya Ôtori
50%
Tsurugi Kinjo
50%
Utsuro
50%
Yamato Kisaragi
50%
Yoruko Kabuya
50%
Aiko Maeda
0%
Amane Karia
0%
Hikaru Ando
0%
Juu Kinjo
0%
Kojiro Otori
0%
Kouhei Sasaki
0%
Midori Yamaguchi
0%
Minako Tomori
0%
Rika Takahashi
0%
Sojiro Kurokawa
0%
Yuzuki Asada
0%
Aucun quiz correspondant
Distribution des résultats
% des personnes avec chaque résultat
Percentile par nombre de réponses
Votre historique - résultats
Vous n’avez pas pris ce quiz